[Event "GER-chT U12 Girls"]
[Site "Berlin"]
[Date "2022.12.27"]
[Round "2"]
[White "John, Linnea"]
[Black "Schwarzfischer, Ramona"]
[Result "1-0"]
[WhiteElo "1326"]
[BlackElo "796"]
[PlyCount "91"]
[EventDate "2022.12.26"]
[EventType "team-swiss"]
[EventRounds "7"]
[EventCountry "GER"]
[SourceTitle "CBM 212 Extra"]
[Source "ChessBase"]
[SourceDate "2023.03.31"]
[SourceVersion "1"]
[SourceVersionDate "2023.03.31"]
[SourceQuality "1"]
[WhiteTeam "Weisse Dame"]
[BlackTeam "Roding"]
[WhiteTeamCountry "GER"]
[BlackTeamCountry "GER"]

1. e4 e5 2. Nf3 Nc6 3. d4 exd4 4. Nxd4 Bb4+ 5. c3 Bc5 6. Nxc6 bxc6 7. Bd3 Nf6 8. 0-0 d5 9. exd5 cxd5 10. Re1+ Be6 11. Bb5+ Ke7 12. b4 Bb6 13. Bg5 a6 14. Bc6 Kf8 15. Bxa8 Qxa8 16. Bxf6 gxf6 17. Qf3 f5 18. c4 c6 19. c5 Bc7 20. Qc3 Rg8 21. Qf6 a5 22. Rxe6 Bd8 23. Qh6+ Rg7 24. Re8+ Kxe8 25. Qxg7 axb4 26. Nd2 Qa5 27. Re1+ Kd7 28. Qxf7+ Kc8 29. Qe6+ Kb7 30. Qd7+ Ka6 31. Qxc6+ Ka7 32. Nb3 Qxa2 33. Ra1 Qxa1+ 34. Nxa1 Kb8 35. Qd6+ Bc7 36. Qxd5 f4 37. c6 f3 38. Qg8+ Ka7 39. Qc8 Kb6 40. Qb7+ Kc5 41. Qxc7 h5 42. Qd7 Kb6 43. c7 b3 44. c8Q b2 45. Qdb7+ Ka5 46. Qca8# 1-0

[Event "GER-ch U10 Girls"]
[Site "Willingen"]
[Date "2020.10.28"]
[Round "2"]
[White "John, Linnea"]
[Black "Yan, Jenny"]
[Result "1/2-1/2"]
[WhiteElo "1146"]
[BlackElo "952"]
[PlyCount "78"]
[EventDate "2020.10.26"]
[EventType "swiss"]
[EventRounds "7"]
[EventCountry "GER"]
[SourceTitle "CBM 199 Extra"]
[Source "ChessBase"]
[SourceDate "2021.01.31"]
[SourceVersion "1"]
[SourceVersionDate "2021.01.31"]
[SourceQuality "1"]

1. e4 e5 2. Nf3 Nc6 3. d4 exd4 4. Nxd4 Nf6 5. Nxc6 bxc6 6. Bd3 d5 7. exd5 cxd5 8. 0-0 Bc5 9. Re1+ Be6 10. Bb5+ Nd7 11. Qxd5 0-0 12. Qf3 Rb8 13. Nc3 Bd4 14. Bxd7 Qxd7 15. Rd1 c5 16. Ne2 Bg4 17. Qd3 Rbd8 18. Bg5 f6 19. Bf4 Rfe8 20. c3 Bxf2+ 21. Kxf2 Qxd3 22. Rxd3 Rxd3 23. Ng3 g5 24. Bb8 Rd2+ 25. Kf1 Rxb8 26. Ne4 Rbxb2 27. Nxd2 Rxd2 28. a3 Bf5 29. Rc1 Bd3+ 30. Kg1 Re2 31. Rd1 Be4 32. g3 Rg2+ 33. Kf1 Rxh2 34. Rd7 Bg2+ 35. Kg1 Rh1+ 36. Kxg2 Rc1 37. Rxa7 Rxc3 38. a4 Rc2+ 39. Kf3 Rc4 1/2-1/2